| 000 | 00368 a2200109 4500 | ||
|---|---|---|---|
| 001 | ART_12483 | ||
| 005 | 20260410161906.0 | ||
| 008 | 260409a | ||
| 245 | 1 | 0 | _aDynamic factor demand schedules for labor and capital under rational expectations |
| 100 | 1 | _aMeese, Richard | |
| 773 | 0 |
_tJournal of econometrics _g- Vol. 14, NÂș 1 (sep. 1980) _wREV11720 |
|
| 999 |
_c26412 _d26412 |
||